000 01453nam a22001817a 4500
999 _c60829
_d60829
003 Ge_BSU
005 20231027152027.0
008 231027s2023 ge ||||| |||| 00| 0 geo d
041 _ageo
080 _a634+664 მ-74
100 _aმიქელაზე, ზურაბ
_920253
245 _aხილ ბოსტნეულის გადამუშავების პროდუქტების ანოტაციები /
_cზურაბ მიქელაძე, დოდო აბულაძე; ბსუ. აგრარული და მემბრანული ტექნოლოგიების ინსტიტუტი. კვების პროდუქტების წარმოებისა და გადამუშავების ტექნოლოგიების განყოფილება.
264 _aბათუმი :
_bბეტა პრინტი,
_c2023.
300 _a64 გვ.;
_b20 სმ.
700 _aაბულაძე, დოდო
_920254
710 _aბსუ. აგრარული და მემბრანული ტექნოლოგიების ინსტიტუტი.
_bკვების პროდუქტების წარმოებისა და გადამუშავების ტექნოლოგიების განყოფილება.
_920255
942 _2udc
_cᲬᲘᲒᲜᲘ